World Rivers A-Z - Statistics

General Stats
  • This quiz has been taken 45 times
  • The average score is 19 of 26
Answer Stats
Hint Length River % Correct
A) Largest river by discharge 4000 mi Amazon
100%
D) This European river runs thru4 capitals and 10 countries 1795 mi Danube
95%
E) Formed the cradle of civilization in ancient Mesopotamia 1740 mi Euphrates
95%
J) According to Exodus, this river is where the Israelites crossed into the Promised Land 156 mi Jordan
95%
N) The worlds longest river 4130 mi Nile
95%
R) Runs thru cities like Basel, Cologne,and Dusseldorf, famous for its river cruises 765 mi Rhine
95%
H) Runs through NYC, named for theexplorer who discovered it 315 mi Hudson
93%
G) Holiest river in India 1569 mi Ganges
90%
T) Flows thru Iraq to create part ofthe Mesopotamian cradle of civilization 1180 mi Tigris
90%
C) Cuts through the Grand Canyon 1450 mi Colorado
88%
L) Longest river in France 625 mi Loire
88%
Z) Victoria falls is a major spectacle onthis African river 1599 mi Zambezi
88%
I) Vital river that runs thru Pakistan,India and Tibet 1976 mi Indus
86%
P) The longest river in Italy, it flows thru the northern part of the country 405 mi Po
86%
M) Including tributaries, this river is thelongest in the US 2400 mi Missouri
83%
U) Runs thru the mountains of Russia intoKazakhstan and the Caspian Sea 1509 mi Ural
83%
V) Flows thru southwest Arizona, it meansgreen in Spanish 125 mi Verde
83%
Y) Longest river in China and the worlds3rd largest 3915 mi Yangtze
83%
S) Longest river in Ireland 224 mi Shannon
64%
O) Flows thru Pittsburgh, Louisville and Huntington 981 mi Ohio
62%
K) River in the Yukon Territory wheregold was discovered in 1896 99 mi Klondike
55%
B) This river runs thru Tibet,India and Bangladesh 1802 mi Brahmaputra
50%
W) Tributary of the Columbia riverthat flows entirely thru Oregon 187 mi Willamette
21%
X) Flows from the Jiangxi province to lakePoyang in China 224 mi Xin
17%
Q) River that runs thru the south-centralpart of CT, named for the native tribe 45.5 mi Quinnipiac
5%
F) Glacial river in British Columbia andMontana known for its clear waters 158 mi Flathead
2%
No matching quizzes found
Score Distribution
Percent of People with Each Score
Percentile by Number Answered
Your Score History
You have not taken this quiz